| 000 | 00564nam a2200157 a 4500 | ||
|---|---|---|---|
| 008 | 080109s1975 ||||||||||||||||| || u | ||
| 020 | _a0471034231 | ||
| 050 | _aQA 39.2 Whe | ||
| 100 | _aWheeler, Ruric E | ||
| 245 | 1 | 0 | _aMathematics: an everyday language |
| 260 |
_aNew York: _bJohn Wiley and Sons _c1975 |
||
| 300 | _axii, 483p. : ill | ||
| 350 | _a0.00 | ||
| 650 | 0 | _aMATHEMATICS--STUDY AND TEACHING | |
| 995 |
_D0.00 _FCBU-MAIN LIBRARY (Kitwe) _H1 _I27.95 _M1 _UAVAILABLE _ZMain Library Open Access Collection |
||
| 999 |
_c50689 _d50689 |
||